000 00352nam a2200133 i 4500
001 bg
100 1 _aKLOCZYK, H.
245 0 _aAnaliza stanów termicznych budynków na potrzeby ogrzewań energooszczędnych /
_cH. Kloczyk.
260 _aPoznań,
_c1990.
040 _cBPK
041 _apol
942 _cKS
008 s pl f |000 0 pol
999 _c29280
_d29280
856 _uhttp://koha.tu.koszalin.pl/cgi-bin/koha/opac-detail.pl?biblionumber=29280
_yKatalog online BPK